00244nam a2200097Ia 4500008004100000082001600041100001800057245003100075260003200106300000800138150731s2013 xx 000 0 und d a611bC 13 S aSINGH,VISHRAM aTB. OF CLINICAL EMBRYOLOGY bELSEVIER- INDIA DELHIc2013 a340